000 01226nam a2200325 a 4500
001 000116297
003 CHAP
005 20220329144609.0
008 191022s1981 mx a |sm |||||||spa d
010 _a112758
011 _a113730
040 _cCHAP
090 _aTesis
100 1 _aCoutiño Arrazola, Jorge Luis.
_9137121
245 1 0 _aUtilización de la cáscara de cacao en sustitución de sorgo para suplementación de bovinos en pastoreo
_h[En línea]
_cpor Jorge Luis Coutiño Arrazola.
260 _aChapingo, Méx. :
_bEl autor,
_c1981.
500 _aPara ver el contenido del material haga clic en la liga
502 _aTesis (Ing. Agr. Esp. en Zootecnia) -- UACH. Departamento de Enseñanza, Ivestigación y Servicio en Zootecnia
590 _aBATCH-UPD
_b05
_c20191022
_lUCH01
_h1219
590 _aE6339RRR
_b05
_c20191022
_lUCH01
_h1218
590 _aE6339RRR
_b05
_c20191022
_lUCH01
_h1220
650 1 4 _aBecerros
_xCrecimiento.
_911177
650 1 4 _aBecerros
_xNutrición.
_911184
650 1 4 _aBecerros
_xPeso.
_911187
650 1 4 _aGanado Holstein
_xAlimentación.
_9130391
856 _aFinding aid
_uhttp://10.13.5.2/tesis/sist116297.pdf
_zTeclea aquí
901 _aBK
942 _cTESIS
942 _n0
999 _c112758
_d112758